El triángulo de Sierpinski: una propuesta didáctica para el currículum escolar
Salvato in:
| Autore principale: | |
|---|---|
| Altri autori: | |
| Natura: | Libro |
| Lingua: | spagnolo |
| Pubblicazione: |
Medellín
Universidad de Medellín
2017
|
| Edizione: | 1a. ed |
| Soggetti: | |
| Tags: |
Aggiungi Tag
Nessun Tag, puoi essere il primo ad aggiungerne!!
|
MARC
| LEADER | 00000cam a2200000 a 4500 | ||
|---|---|---|---|
| 001 | UCC5783 | ||
| 003 | CL-VaPUC | ||
| 005 | 20240509110015.0 | ||
| 008 | 181031e20170000ck |||||||||||||||||spa|d | ||
| 999 | |c 372897 |d 372895 | ||
| 020 | |a 9789588992020 | ||
| 040 | |c Pontificia Universidad Católica de Valparaíso | ||
| 082 | 0 | 4 | |a 516.1 |b GUT |2 21 |
| 100 | |a Gutiérrez Figueroa, Ximena |e author |9 844928 | ||
| 245 | 1 | 3 | |a El triángulo de Sierpinski: una propuesta didáctica para el currículum escolar |
| 250 | |a 1a. ed | ||
| 260 | |a Medellín |b Universidad de Medellín |c 2017 | ||
| 300 | |a 149 p | ||
| 583 | |a last modification |c 20181031 17:21:00 |k Rodrigo Vera | ||
| 650 | 0 | |a Geometría fractal |2 CL-VaPUC |9 407107 |x Fractales escalantes |x Fractales no escalantes | |
| 700 | |a Parraguez González, Marcela Cecilia |e autora |9 741639 | ||
| 942 | |c BK |2 ddc | ||
| 945 | |d 20181031 17:21:00 |a dcastane | ||
| 952 | |0 0 |1 0 |3 erb |4 0 |6 516_100000000000000_GUT_2017 |7 0 |8 A |9 490778 |a BIBMAT |b BIBMAT |c E_DIDACT |i 5510392 |l 2 |o 516.1 GUT 2017 |p 5510392 |r 2025-01-07 |s 2023-09-04 |w 2019-11-24 |y BK |z Catalogado en:20181031 |k MAT | ||